Pennsylvania Cities with the Most Black Residents - Statistics

General Stats
  • This quiz has been taken 13 times
  • The average score is 6 of 10
Answer Stats
City % Black % Correct
Pittsburgh 22
100%
Philadelphia 39
92%
Chester 72
77%
Erie 17
62%
Harrisburg 43
62%
Lancaster 14
62%
York 27
38%
Easton 18
31%
Williamsport 13
31%
Washington 15
0%
No matching quizzes found
Score Distribution
Percent of People with Each Score
Percentile by Number Answered
Your Score History
You have not taken this quiz